• 首页
  • 本馆介绍
  • 公告通知
  • 最新文献
  • 馆藏检索
  • 电子资源
  • 读者导购
  • 参考咨询
  • 我的图书馆
  • 登录
  • 详细信息显示
  • 放入我的书架
  • 预约/预借图书
  • 作者相关作品
  • 分类相关作品
  • 丛书相关作品
  • 出版社相关作品

书目信息

  • 表格格式
  • 工作单格式
  • 卡片格式
题名:
挑战与回应
    
 
作者: 刘中民 著
分册:  
出版信息: 北京   世界知识出版社  2005
页数: 380页
开本: 21cm
丛书名:
单 册:
中图分类: D815.4
科图分类:
主题词: 民族主义--关系--伊斯兰教--研究--中东
电子资源:
ISBN: 7-5012-2680-6
000 01303nam0 2200313 450
000 01266nam0 2200301 450
000 01260nam0 2200313 450
000 01206nam0 2200289 450
000 01213nam0 2200277 450
000 01176nam0 2200265 45
005 20070122142035.10
010    @a7-5012-2680-6@dCNY35.00
100    @a20060829d2005 ekmy0chiy0120 ea
101 0  @achi
102    @aCN@b110000
105    @ak a 000yy
200 1  @a挑战与回应@ATiao Zhan Yu Hui Ying@e中东民族主义与伊斯兰教关系评折@EZhong Dong Min Zu Zhu Yi Yu Yi Si Lan Jiao Guan Xi Ping Zhe@f刘中民著@FLiu Zhong Min Zhu
210    @a北京@c世界知识出版社@d2005
215    @a380页@d21cm
320    @a有书目: (356-377页)
330    @a本书从政治思想和意识形态角度剖析了中东问题的学术著作,内容涉及:阿拉伯民族主义与伊斯兰教;地区阿拉伯民族主义与伊斯兰教;土耳其民族主义与伊斯兰教;伊朗民族主义与伊斯兰教等内容。
517 1  @a中东民族主义与伊斯兰教关系评折@AZhong Dong Min Zu Zhu Yi Yu Yi Si Lan Jiao Guan Xi Ping Zhe
606 0  @a民族主义@x关系@x伊斯兰教@x研究@x中东
690    @aD815.4@v4
701  0 @a刘中民@ALiu Zhong Min@4著
801  0 @aCN@b中图数据@c20070122
905    @a10447@dD815.4@e89
    
    挑战与回应:中东民族主义与伊斯兰教关系评折/刘中民著.-北京:世界知识出版社,2005
    380页;21cm
    
    
    ISBN 7-5012-2680-6:CNY35.00
    本书从政治思想和意识形态角度剖析了中东问题的学术著作,内容涉及:阿拉伯民族主义与伊斯兰教;地区阿拉伯民族主义与伊斯兰教;土耳其民族主义与伊斯兰教;伊朗民族主义与伊斯兰教等内容。
●
相关链接 在E读中查询图书 在五车中查询图书 在当当中查询图书 在豆瓣中查询图书


正题名:挑战与回应     索取号:D815.4/89         预约/预借

序号 登录号 条形码 馆藏地/架位号 状态 备注
1 0615202   206152027   第一样本阅览室/ [索取号:D815.4/89] 在馆    
2 0615203   206152036   第一借阅区/ [索取号:D815.4/89] 在馆    
3 0615204   206152045   第一借阅区/ [索取号:D815.4/89] 在馆    
4 0615205   206152054   第一借阅区/ [索取号:D815.4/89] 在馆    
唐山师范学院图书馆 欢迎您!
大连网信软件有限公司© 版权所有